[Event "Guernsey Open 2012"]
[Site "?"]
[Date "2012.10.21"]
[Round "1"]
[White "Biswas, Karl"]
[Black "Maloberti, David"]
[Result "1/2-1/2"]
[WhiteElo "1858"]
[BlackElo "2045"]
[PlyCount "97"]
[EventDate "2012.10.21"]
[EventType "swiss"]
[SourceDate "2012.10.30"]

1. d4 Nf6 2. Nf3 g6 3. c4 Bg7 4. Nc3 d6 5. e4 O-O 6. h3 e5 7. d5 Nh5 8. g3 a5
9. Bg2 Qe8 10. O-O Na6 11. b3 f5 12. Bb2 Nc5 13. Nd2 Bd7 14. Qe2 Bh6 15. Kh2
Nf6 16. Rad1 g5 17. exf5 Bxf5 18. Nde4 Ncxe4 19. Nxe4 Qg6 20. f3 Bxe4 21. fxe4
g4 22. h4 Nh5 23. Rxf8+ Rxf8 24. Rf1 Rxf1 25. Qxf1 Nf6 26. Qe2 b6 27. a3 Qe8
28. Qf2 Kg7 29. Bc3 Qg6 30. Qe2 Bc1 31. b4 axb4 32. axb4 Qh6 33. c5 Qe3 34.
Qxe3 Bxe3 35. c6 Ne8 36. Bf1 Kf7 37. Be2 Nf6 38. Bd3 Ke7 39. Kg2 Nh5 40. Be2
Nf6 41. Bd3 Kd8 42. Kf1 Bc1 43. Ke2 Bh6 44. b5 Bc1 45. Be1 Ke7 46. Bf2 Nh5 47.
Kf1 Nf6 48. Ke2 Nh5 49. Kf1 1/2-1/2

[Event "Guernsey Open 2012"]
[Site "?"]
[Date "2012.10.21"]
[Round "1"]
[White "Prins, Jan"]
[Black "Glover, John"]
[Result "1-0"]
[WhiteElo "2040"]
[BlackElo "1832"]
[PlyCount "69"]
[EventDate "2012.10.21"]
[EventType "swiss"]
[SourceDate "2012.10.30"]

1. d4 Nf6 2. Nf3 c5 3. g3 e6 4. Bg2 d5 5. O-O Nbd7 6. c3 Be7 7. Ne5 O-O 8. e3
Rb8 9. Nd2 Nxe5 10. dxe5 Nd7 11. f4 b5 12. e4 Nb6 13. Qe2 a6 14. exd5 Nxd5 15.
Ne4 Bb7 16. Bd2 Qb6 17. Kh1 Rfd8 18. f5 exf5 19. Rxf5 Bc8 20. Rf2 Be6 21. Raf1
Qc7 22. Ng5 Bxg5 23. Bxg5 Rd7 24. Re1 Ne7 25. a3 c4 26. Kg1 Nc6 27. Be4 Ne7 28.
h4 Ng6 29. Bc2 Qc5 30. h5 Nf8 31. h6 Ng6 32. hxg7 Rd5 33. Bxg6 hxg6 34. Qe4
Rbd8 35. Qh4 1-0

[Event "Guernsey Open 2012"]
[Site "?"]
[Date "2012.10.21"]
[Round "1"]
[White "Brookfield, Toby"]
[Black "Haria, Ravi"]
[Result "0-1"]
[WhiteElo "1824"]
[BlackElo "2034"]
[PlyCount "52"]
[EventDate "2012.10.21"]
[EventType "swiss"]
[SourceDate "2012.10.30"]

1. e4 e6 2. d4 d5 3. Nc3 Nf6 4. e5 Nfd7 5. f4 c5 6. Nf3 Nc6 7. Be3 Be7 8. Qd2
O-O 9. O-O-O c4 10. f5 b5 11. f6 gxf6 12. Bh6 fxe5 13. Qf2 Kh8 14. h4 exd4 15.
Ng5 Nde5 16. Bxf8 Qxf8 17. Nxb5 h6 18. Be2 hxg5 19. hxg5+ Kg8 20. Rh5 Qg7 21.
Qg3 Rb8 22. Nc7 Bd7 23. Rdh1 d3 24. Qh3 Ng6 25. c3 dxe2 26. Rh7 e1=Q+ 0-1

[Event "Guernsey Open 2012"]
[Site "?"]
[Date "2012.10.21"]
[Round "1"]
[White "Angermuende, Dirk"]
[Black "Bullen, Alex"]
[Result "0-1"]
[WhiteElo "2033"]
[BlackElo "1821"]
[PlyCount "76"]
[EventDate "2012.10.21"]
[EventType "swiss"]
[SourceDate "2012.10.30"]

1. e4 c6 2. d4 d5 3. Nc3 dxe4 4. Nxe4 Bf5 5. Nc5 e5 6. Nxb7 Qb6 7. Nc5 Bxc5 8.
dxc5 Qxc5 9. c3 Nf6 10. Be3 Qe7 11. b4 Nbd7 12. Nf3 O-O 13. Be2 Nd5 14. Qc1 c5
15. bxc5 Nxc5 16. O-O Rac8 17. Rd1 Rfd8 18. Bg5 f6 19. Bc4 Be6 20. Be3 Ne4 21.
Bxd5 Bxd5 22. Rd3 Qc7 23. Qc2 Qa5 24. Bd2 Rc4 25. Rc1 Nc5 26. Re3 Be4 27. Qb2
Ra4 28. c4 Qa6 29. Qb5 Bxf3 30. gxf3 Qxb5 31. cxb5 Ne6 32. Rc2 Nd4 33. Rb2 Rb8
34. f4 exf4 35. Re7 f3 36. Be3 Ne2+ 37. Kf1 Rd8 38. Ke1 Rg4 0-1

[Event "Guernsey Open 2012"]
[Site "?"]
[Date "2012.10.21"]
[Round "1"]
[White "Kearsley, Raymond J"]
[Black "Goris, Ton"]
[Result "0-1"]
[WhiteElo "1789"]
[BlackElo "2029"]
[PlyCount "102"]
[EventDate "2012.10.21"]
[EventType "swiss"]
[SourceDate "2012.10.30"]

1. e4 e6 2. d3 d5 3. Nd2 Nf6 4. Ngf3 Nc6 5. g3 dxe4 6. dxe4 Bc5 7. Bg2 e5 8.
O-O O-O 9. c3 a5 10. Qc2 Qe7 11. Nc4 b5 12. Ne3 Be6 13. Nh4 Rfd8 14. Nef5 Qd7
15. Be3 Bxe3 16. Nxe3 Qd2 17. Rfd1 Qxc2 18. Nxc2 Rxd1+ 19. Rxd1 Bxa2 20. Ne3
Rd8 21. Nd5 Kf8 22. Ra1 Bxd5 23. exd5 Nxd5 24. Nf3 Nde7 25. Ng5 h6 26. Ne4 a4
27. Bf1 Rd5 28. c4 bxc4 29. Bxc4 Ra5 30. Nc3 Nd4 31. Nxa4 Nec6 32. b3 Nf3+ 33.
Kg2 Nd2 34. Ra2 Nxc4 35. bxc4 Nd4 36. f3 Ke7 37. Kf2 f5 38. Ke3 Nc6 39. Kd2 g5
40. Kc3 h5 41. Kb3 Ra7 42. Ra3 Nd4+ 43. Kb2 f4 44. gxf4 gxf4 45. h4 Nxf3 46.
Rxf3 Rxa4 47. Kb3 Ra6 48. Kb4 Rf6 49. Kc5 e4 50. Rf1 e3 51. Kd4 e2 0-1

[Event "Guernsey Open 2012"]
[Site "?"]
[Date "2012.10.21"]
[Round "1"]
[White "Thurlow, Kevin J"]
[Black "Vonhoff, Nils"]
[Result "1-0"]
[WhiteElo "2025"]
[BlackElo "1777"]
[PlyCount "73"]
[EventDate "2012.10.21"]
[EventType "swiss"]
[SourceDate "2012.10.30"]

1. c4 e6 2. Nc3 Nf6 3. e4 c6 4. e5 Ng8 5. d4 d5 6. Nf3 Ne7 7. Bd3 Nd7 8. O-O g6
9. cxd5 Nxd5 10. Ne4 b5 11. Bg5 Qb6 12. Rc1 h6 13. Bf6 Rg8 14. a3 a5 15. Qc2
Bb7 16. Rfd1 a4 17. Nc5 Bxc5 18. dxc5 Qa5 19. Nd4 N7xf6 20. exf6 Nxf6 21. Qe2
Qc7 22. Bxb5 cxb5 23. Nxb5 Qc6 24. Nd6+ Ke7 25. Nxb7 Qxb7 26. Rd4 Rgd8 27. c6
Qa7 28. Rb4 Rdb8 29. Qc4 Nd5 30. Rxb8 Rxb8 31. Qh4+ Kd6 32. c7 Nxc7 33. Qf4+ e5
34. Qxf7 Rxb2 35. Qxg6+ Kd5 36. Qc6+ Kd4 37. Rd1+ 1-0

[Event "Guernsey Open 2012"]
[Site "?"]
[Date "2012.10.21"]
[Round "1"]
[White "Wager, John"]
[Black "Kirk, Matthew"]
[Result "1-0"]
[WhiteElo "2023"]
[BlackElo "1719"]
[PlyCount "53"]
[EventDate "2012.10.21"]
[EventType "swiss"]
[SourceDate "2012.10.30"]

1. d4 d5 2. Bg5 c6 3. Nf3 Bf5 4. e3 Qb6 5. Qc1 e6 6. Nbd2 Nd7 7. Be2 Ngf6 8.
O-O Bd6 9. c4 dxc4 10. Nxc4 Qc7 11. Nxd6+ Qxd6 12. h3 O-O 13. Nh4 Be4 14. Bf4
Qe7 15. f3 Nh5 16. fxe4 Qxh4 17. Bd6 Ng3 18. Qe1 Nxe2+ 19. Qxe2 Rfe8 20. Rf4
Qh6 21. Raf1 e5 22. Rxf7 Qxd6 23. Qg4 Qh6 24. Qxd7 exd4 25. Qxd4 Qg6 26. Qc4
Qe6 27. Rf8+ 1-0

[Event "Guernsey Open 2012"]
[Site "?"]
[Date "2012.10.22"]
[Round "2"]
[White "Collier, David O"]
[Black "Hillarp Persson, Tiger"]
[Result "0-1"]
[WhiteElo "2098"]
[BlackElo "2556"]
[PlyCount "106"]
[EventDate "2012.10.21"]
[EventType "swiss"]
[SourceDate "2012.10.30"]

1. Nf3 g6 2. d4 Bg7 3. Bf4 d6 4. e3 Nd7 5. c3 e5 6. Bg3 Qe7 7. Be2 Nh6 8. Bh4
f6 9. dxe5 dxe5 10. e4 O-O 11. O-O Nc5 12. Qc2 g5 13. Bg3 f5 14. exf5 Nxf5 15.
Na3 g4 16. Nd2 a5 17. Rae1 Nxg3 18. fxg3 Bd7 19. Nac4 Rxf1+ 20. Nxf1 Qg5 21.
Nce3 h5 22. Bc4+ Kh8 23. Bf7 Rf8 24. Qg6 Qxg6 25. Bxg6 Be8 26. Bc2 Bf7 27. Nf5
Re8 28. b4 axb4 29. cxb4 Nd7 30. a3 Nf6 31. N1e3 Bf8 32. Nh4 Bh6 33. Bg6 Bxg6
34. Nxg6+ Kg7 35. Nh4 Bxe3+ 36. Rxe3 Nd5 37. Re1 e4 38. Nf5+ Kg6 39. Ne3 c6 40.
Kf2 Ra8 41. Nxd5 cxd5 42. Rd1 Rd8 43. Ke3 Kf5 44. Kd4 Ke6 45. Rc1 Ra8 46. Rc3
Ra6 47. Rc8 Rxa3 48. Re8+ Kf7 49. Rh8 Rd3+ 50. Kc5 e3 51. Rxh5 e2 52. Re5 Rd2
53. h4 gxh3 0-1

[Event "Guernsey Open 2012"]
[Site "?"]
[Date "2012.10.22"]
[Round "2"]
[White "Bolt, Graham"]
[Black "Hebden, Mark"]
[Result "0-1"]
[WhiteElo "2063"]
[BlackElo "2529"]
[PlyCount "114"]
[EventDate "2012.10.21"]
[EventType "swiss"]
[SourceDate "2012.10.30"]

1. g3 d5 2. Bg2 e5 3. d3 Nc6 4. a3 Be6 5. b4 Qd7 6. Bb2 f6 7. Nd2 h5 8. h4 Nh6
9. Ngf3 Ng4 10. c4 Be7 11. Qc2 Nd8 12. cxd5 Bxd5 13. e4 Bc6 14. d4 Ba4 15. Qc3
Nf7 16. Nb3 Qc6 17. Qxc6+ Bxc6 18. dxe5 fxe5 19. Nh2 Nxh2 20. Rxh2 O-O-O 21.
Bh3+ Kb8 22. Be6 Rhf8 23. f3 g5 24. Rd1 gxh4 25. gxh4 Ba4 26. Rdd2 Bd6 27. Nc1
Nh6 28. Rh3 Rde8 29. Bc4 Nf7 30. Rg2 Bd7 31. Rhg3 Nd8 32. Nd3 b5 33. Bd5 Kc8
34. Ke2 Ne6 35. Bxe6 Bxe6 36. Rg5 Bc4 37. Rxh5 Bxd3+ 38. Kxd3 Rxf3+ 39. Kd2 Rb3
40. Bc1 Rh3 41. Bb2 Kb7 42. Rgg5 Rh2+ 43. Kc1 Be7 44. Rg4 Rf8 45. Rf5 Rxf5 46.
exf5 Bd6 47. f6 Kc6 48. f7 Kd5 49. Rg5 Rf2 50. h5 Rxf7 51. h6 Rf1+ 52. Kc2 Rh1
53. Rg6 Rh2+ 54. Kb3 Rh3+ 55. Kc2 c5 56. bxc5 Bxc5 57. Bc1 Bxa3 0-1

[Event "Guernsey Open 2012"]
[Site "?"]
[Date "2012.10.22"]
[Round "2"]
[White "Tischbierek, Raj"]
[Black "Taylor, Mark V"]
[Result "1-0"]
[WhiteElo "2468"]
[BlackElo "2098"]
[PlyCount "45"]
[EventDate "2012.10.21"]
[EventType "swiss"]
[SourceDate "2012.10.30"]

1. g3 g6 2. Bg2 Bg7 3. d4 c5 4. dxc5 Na6 5. e4 Nxc5 6. Ne2 d6 7. Nbc3 Nf6 8.
O-O O-O 9. h3 Bd7 10. g4 Bc6 11. Ng3 Rc8 12. Be3 Nfd7 13. Bd4 Qa5 14. Bxg7 Kxg7
15. Rb1 Na4 16. Nd5 Bxd5 17. exd5 Qc5 18. c4 b5 19. Re1 Rfe8 20. cxb5 Ndb6 21.
Qd3 Qc2 22. Qd4+ Kg8 23. Ne4 1-0

[Event "Guernsey Open 2012"]
[Site "?"]
[Date "2012.10.22"]
[Round "2"]
[White "Haria, Ravi"]
[Black "Houska, Jovanka"]
[Result "0-1"]
[WhiteElo "2034"]
[BlackElo "2398"]
[PlyCount "116"]
[EventDate "2012.10.21"]
[EventType "swiss"]
[SourceDate "2012.10.30"]

1. e4 c6 2. d4 d5 3. e5 Bf5 4. Nf3 e6 5. Be2 Nd7 6. O-O Ne7 7. Nbd2 Nc8 8. Nb3
Be7 9. a4 O-O 10. Bd3 Bxd3 11. Qxd3 a6 12. Bd2 Na7 13. g3 Rc8 14. Kg2 c5 15.
Nxc5 Bxc5 16. dxc5 Nc6 17. Qe3 d4 18. Nxd4 Ncxe5 19. Qe2 Ng6 20. c6 bxc6 21.
Be3 c5 22. Nf3 Qb6 23. b3 Qb7 24. h4 Nf6 25. Bg5 Ne4 26. Rfe1 Nxg5 27. hxg5 c4
28. Qe4 Qxe4 29. Rxe4 cxb3 30. cxb3 Rc2 31. Rb1 Ne7 32. Rc4 Ra2 33. Ne5 Nd5 34.
Rc6 a5 35. Nc4 Nb4 36. Rd6 h6 37. gxh6 gxh6 38. Nxa5 Nd5 39. Nc4 Rb8 40. a5 Nc3
41. Re1 Rxb3 42. Rb6 Nb5 {(=)} 43. a6 Nd4 44. Rxb3 {(=)} Nxb3 45. Ne5 Rxa6 46.
Ng4 Kg7 47. Rh1 f5 48. Nxh6 Nd4 49. g4 f4 50. Rh4 Ra5 51. Rh1 Rg5 52. f3 Ra5
53. g5 Ra2+ 54. Kh3 Kg6 55. Kg4 e5 56. Rg1 Rh2 57. Ng8 Nf5 58. Re1 Rh4# 0-1

[Event "Guernsey Open 2012"]
[Site "?"]
[Date "2012.10.22"]
[Round "2"]
[White "Godard, Maxence"]
[Black "Lenier, Jude"]
[Result "1-0"]
[WhiteElo "2371"]
[BlackElo "2046"]
[PlyCount "39"]
[EventDate "2012.10.21"]
[EventType "swiss"]
[SourceDate "2012.10.30"]

1. d4 Nf6 2. c4 g6 3. Nc3 Bg7 4. e4 d6 5. f3 O-O 6. Be3 c5 7. dxc5 dxc5 8. Qxd8
Rxd8 9. Bxc5 Nc6 10. Nge2 b6 11. Ba3 Ba6 12. Nb5 Rac8 13. Nec3 Rd7 14. Rd1 e6
15. Be2 Rxd1+ 16. Bxd1 Nd7 17. Be2 Nd4 18. Nxa7 Nxe2 19. Nxc8 Nxc3 20. Ne7+ 1-0

[Event "Guernsey Open 2012"]
[Site "?"]
[Date "2012.10.22"]
[Round "2"]
[White "Goris, Ton"]
[Black "Mack, Wolfgang"]
[Result "0-1"]
[WhiteElo "2029"]
[BlackElo "2283"]
[PlyCount "72"]
[EventDate "2012.10.21"]
[EventType "swiss"]
[SourceDate "2012.10.30"]

1. e4 d5 2. exd5 Nf6 3. Bb5+ Bd7 4. Bc4 Bg4 5. f3 Bc8 6. Nc3 Nbd7 7. d4 Nb6 8.
Bb3 Nbxd5 9. Nxd5 Nxd5 10. c4 Nf6 11. Ne2 g6 12. Be3 Bg7 13. Qd2 O-O 14. h4 Re8
15. O-O-O b5 16. cxb5 Bb7 17. d5 a6 18. Nc3 axb5 19. Nxb5 Qc8 20. Kb1 Rd8 21.
Qc2 Qd7 22. a4 Bxd5 23. Bd4 c6 24. Bxf6 Bxf6 25. Nc3 Qb7 26. Nxd5 cxd5 27. Rd3
e6 28. h5 Rdc8 29. Qd2 Rc6 30. hxg6 hxg6 31. Ka2 Rb6 32. Rb1 Rb8 33. Qd1 Rb4
34. Qc2 Kg7 35. Rc1 Qa6 36. Rb1 Rxb3 0-1

[Event "Guernsey Open 2012"]
[Site "?"]
[Date "2012.10.22"]
[Round "2"]
[White "Haverkamp, Klaus"]
[Black "Broek, Thomas"]
[Result "1/2-1/2"]
[WhiteElo "2023"]
[BlackElo "2217"]
[PlyCount "70"]
[EventDate "2012.10.21"]
[EventType "swiss"]
[SourceDate "2012.10.30"]

1. e4 c5 2. Nf3 Nc6 3. d4 cxd4 4. Nxd4 Nf6 5. Nc3 e5 6. Ndb5 d6 7. Bg5 a6 8.
Bxf6 gxf6 9. Na3 b5 10. Nd5 f5 11. c3 f4 12. Bxb5 axb5 13. Nxb5 Qg5 14. Nbc7+
Kd8 15. Nxa8 Qxg2 16. Qb3 Ke8 17. Nac7+ Kd7 18. O-O-O Qxf2 19. Qc2 Qxc2+ 20.
Kxc2 Kd8 21. Rhg1 f5 22. Kd3 Ne7 23. Nxe7 Bxe7 24. Nd5 Bh4 25. Rg7 Rf8 26. Nb6
fxe4+ 27. Kxe4 Bf5+ 28. Kd5 f3 29. Kxd6 Bc2 30. Rd5 Rf6+ 31. Kxe5+ Ke8 32. Nc8
Rf5+ 33. Ke6 Rf6+ 34. Ke5 Rf5+ 35. Ke6 Rf6+ 1/2-1/2

[Event "Guernsey Open 2012"]
[Site "?"]
[Date "2012.10.22"]
[Round "2"]
[White "Rowe, Peter"]
[Black "Minnican, Alan"]
[Result "0-1"]
[WhiteElo "1986"]
[BlackElo "2120"]
[PlyCount "86"]
[EventDate "2012.10.21"]
[EventType "swiss"]
[SourceDate "2012.10.30"]

1. d4 g6 2. Nf3 Bg7 3. Bf4 c5 4. e3 Qb6 5. Nc3 Nf6 6. Be2 d6 7. Rb1 Nh5 8. dxc5
Qxc5 9. Nd5 Nxf4 10. Nxf4 O-O 11. O-O Nc6 12. c3 Bf5 13. Rc1 Qb6 14. Qd2 a5 15.
Nd4 Bd7 16. Nf3 a4 17. Nd5 Qd8 18. Nd4 e6 19. Nb4 Nxb4 20. cxb4 Qb6 21. a3 Rac8
22. h3 Rfd8 23. Nf3 Bc6 24. Nd4 Be8 25. Rxc8 Rxc8 26. Rc1 Rxc1+ 27. Qxc1 Bd7
28. Qd2 e5 29. Nf3 Be6 30. Bd1 Qc6 31. Ng5 Bc4 32. Bf3 d5 33. Bd1 e4 34. h4 b5
35. Nh3 Qf6 36. Bc2 Qxb2 37. Qd1 Qa1 38. f3 Qxd1+ 39. Bxd1 Bb2 40. Nf2 exf3 41.
gxf3 Bxa3 42. e4 Bxb4 43. Ng4 a3 0-1

[Event "Guernsey Open 2012"]
[Site "?"]
[Date "2012.10.22"]
[Round "2"]
[White "Bakker, Joop"]
[Black "Havenaar, Jan"]
[Result "1/2-1/2"]
[WhiteElo "1982"]
[BlackElo "2111"]
[PlyCount "28"]
[EventDate "2012.10.21"]
[EventType "swiss"]
[SourceDate "2012.10.30"]

1. Nc3 d5 2. e4 d4 3. Nb1 Nc6 4. Bc4 Nf6 5. d3 Na5 6. Bb5+ c6 7. Ba4 b5 8. Bb3
Nxb3 9. axb3 e5 10. f4 exf4 11. Bxf4 Bd6 12. Bg5 h6 13. Bxf6 Qxf6 14. Qf3 Qg5
1/2-1/2

[Event "Guernsey Open 2012"]
[Site "?"]
[Date "2012.10.22"]
[Round "2"]
[White "Bullen, Alex"]
[Black "Dilleigh, Stephen"]
[Result "1/2-1/2"]
[WhiteElo "1821"]
[BlackElo "2099"]
[PlyCount "36"]
[EventDate "2012.10.21"]
[EventType "swiss"]
[SourceDate "2012.10.30"]

1. e4 e6 2. d4 d5 3. Nc3 Nf6 4. Bg5 Bb4 5. e5 h6 6. Bc1 Ne4 7. Qg4 Kf8 8. Nge2
c5 9. a3 Bxc3+ 10. Nxc3 Nxc3 11. bxc3 Qa5 12. Bd2 c4 13. Qd1 Nc6 14. Be2 Bd7
15. Qc1 Qa4 16. O-O Ke7 17. Qb2 b6 18. f4 Rag8 1/2-1/2

[Event "Guernsey Open 2012"]
[Site "?"]
[Date "2012.10.22"]
[Round "2"]
[White "Brooks, Philip"]
[Black "Fathallah, Joe"]
[Result "1-0"]
[WhiteElo "2230"]
[BlackElo "1986"]
[PlyCount "123"]
[EventDate "2012.10.21"]
[EventType "swiss"]
[SourceDate "2012.10.30"]

1. d4 f5 2. Qd3 d5 3. Bf4 Nf6 4. e3 e6 5. Nf3 Be7 6. Be2 c6 7. Nbd2 Qb6 8. Qb3
Nbd7 9. O-O Ne4 10. Nxe4 fxe4 11. Ne5 O-O 12. f3 Nxe5 13. Bxe5 exf3 14. Rxf3
Rxf3 15. gxf3 Qxb3 16. axb3 Bd7 17. Kf2 Kf7 18. Bd3 Bf6 19. Bd6 g6 20. b4 a6
21. c3 Be7 22. Bxe7 Kxe7 23. h4 Kf6 24. f4 h5 25. Rg1 Rg8 26. Rg5 Bc8 27. Kf3
Rg7 28. e4 Bd7 29. Ke3 Rg8 30. b3 Rg7 31. c4 dxe4 32. Bxe4 Rg8 33. Bf3 Rg7 34.
Bg2 Rg8 35. Bh3 Rg7 36. Kd3 Re7 37. Bg2 Rg7 38. Be4 Bc8 39. Kc3 Bd7 40. b5 axb5
41. cxb5 cxb5 42. Bxb7 Be8 43. Be4 Rc7+ 44. Rc5 Rxc5+ 45. dxc5 e5 46. c6 exf4
47. c7 Bd7 48. Bb7 g5 49. hxg5+ Kxg5 50. c8=Q Bxc8 51. Bxc8 Kh4 52. Bb7 Kg3 53.
Kd3 Kf2 54. Bh1 Kg3 55. Ke2 h4 56. b4 h3 57. Be4 Kg4 58. Kf2 Kh4 59. Bc6 Kg5
60. Bxb5 Kg4 61. Bd7+ Kh4 62. Bxh3 1-0

[Event "Guernsey Open 2012"]
[Site "?"]
[Date "2012.10.22"]
[Round "2"]
[White "Hermes, Geoff"]
[Black "Jackson, Oliver A"]
[Result "0-1"]
[WhiteElo "1979"]
[BlackElo "2189"]
[PlyCount "128"]
[EventDate "2012.10.21"]
[EventType "swiss"]
[SourceDate "2012.10.30"]

1. e4 c5 2. c3 Nf6 3. e5 Nd5 4. d4 cxd4 5. Nf3 e6 6. cxd4 Bb4+ 7. Bd2 Bxd2+ 8.
Qxd2 O-O 9. Bc4 d6 10. O-O Nc6 11. Rd1 b6 12. Nc3 Nxc3 13. Qxc3 Na5 14. Be2 Bb7
15. Qa3 Rc8 16. Rac1 dxe5 17. dxe5 Rxc1 18. Rxc1 Bd5 19. Bb5 Nc6 20. Bxc6 Bxc6
21. Qd6 Bxf3 22. Qxd8 Rxd8 23. gxf3 g5 24. Rc7 Rd2 25. Rxa7 Rxb2 26. a4 Ra2 27.
Ra6 {(=)} Kg7 28. Rxb6 Rxa4 29. Rb5 Kg6 30. Kg2 h5 31. Rb3 Kf5 32. Rb7 Kg6 33.
Rb3 Ra5 34. Rb4 Rxe5 35. f4 Rf5 36. fxg5 Rxg5+ 37. Kf3 f5 38. Rb6 Kf6 39. Rb8
Rg4 40. h3 Ra4 41. Rh8 Kg5 42. Rg8+ Kf6 43. Rh8 h4 44. Rh6+ Ke5 45. Rh8 Rf4+
46. Kg2 Ke4 47. Re8 e5 48. Re7 Kd5 49. Rd7+ Ke6 50. Rd8 Rd4 51. Re8+ Kd5 52.
Rf8 Ke4 53. Rh8 Kd3 54. Re8 Re4 55. Kf1 f4 56. Rd8+ Rd4 57. Re8 Ke4 58. Rh8 Kf3
59. Ke1 Re4+ 60. Kd2 Re2+ 61. Kd1 Rxf2 62. Rxh4 e4 63. Ke1 e3 64. Rh8 Rh2 0-1

[Event "Guernsey Open 2012"]
[Site "?"]
[Date "2012.10.22"]
[Round "2"]
[White "Morin, Yves"]
[Black "Staniforth, Matthew"]
[Result "1-0"]
[WhiteElo "2183"]
[BlackElo "1999"]
[PlyCount "93"]
[EventDate "2012.10.21"]
[EventType "swiss"]
[SourceDate "2012.10.30"]

1. e4 c5 2. Nc3 a6 3. g3 Nc6 4. Bg2 e6 5. d3 d6 6. Nge2 Nge7 7. O-O g6 8. Be3
Bg7 9. d4 cxd4 10. Nxd4 O-O 11. f4 Qc7 12. Qd2 Nxd4 13. Bxd4 e5 14. Be3 Be6 15.
Rad1 Rad8 16. Rf2 exf4 17. gxf4 f5 18. Bd4 fxe4 19. Bxg7 Kxg7 20. Qd4+ Kg8 21.
Qxe4 Bf5 22. Qxb7 Qxb7 23. Bxb7 Rb8 24. Bxa6 Rxb2 25. Bc4+ Kg7 26. Bb3 Rc8 27.
Na4 Rbxc2 28. Bxc2 Bxc2 29. Rd4 Nf5 30. Rb4 d5 31. Nb6 Rc5 32. Nxd5 Bd3 33.
Rb7+ Kh6 34. Nf6 Rc1+ 35. Kg2 Nh4+ 36. Kh3 g5 37. fxg5+ Kxg5 38. Rg7+ Bg6 39.
Nxh7+ Kh6 40. Ra7 Nf5 41. Nf6 Rc3+ 42. Kg4 Rc4+ 43. Rf4 Ne3+ 44. Kf3 Rc3 45.
Ng4+ Nxg4+ 46. Kxg4 Bh5+ 47. Kh4 1-0

[Event "Guernsey Open 2012"]
[Site "?"]
[Date "2012.10.22"]
[Round "2"]
[White "Lehmann, Stefan"]
[Black "Sprotte, Norbert"]
[Result "0-1"]
[WhiteElo "1992"]
[BlackElo "2145"]
[PlyCount "32"]
[EventDate "2012.10.21"]
[EventType "swiss"]
[SourceDate "2012.10.30"]

1. e4 e6 2. d4 d5 3. Nc3 Bb4 4. e5 c5 5. a3 Bxc3+ 6. bxc3 Qa5 7. Bd2 Qa4 8. Qg4
Kf8 9. Ra2 Ne7 10. Bd3 b6 11. Nf3 h6 12. Qh4 Nbc6 13. Qh5 cxd4 14. cxd4 Kg8 15.
c3 Ba6 16. Bc2 Qc4 0-1

[Event "Guernsey Open 2012"]
[Site "?"]
[Date "2012.10.22"]
[Round "2"]
[White "Heppell, Ian N"]
[Black "Goris Schouwstra, Adry"]
[Result "1/2-1/2"]
[WhiteElo "2118"]
[BlackElo "1929"]
[PlyCount "107"]
[EventDate "2012.10.21"]
[EventType "swiss"]
[SourceDate "2012.10.30"]

1. e4 e6 2. Nc3 d5 3. Nf3 d4 4. Ne2 c5 5. Ng3 Nc6 6. Bc4 Na5 7. Be2 g6 8. h4 h5
9. d3 Bd7 10. Bg5 f6 11. Bd2 e5 12. c3 a6 13. cxd4 cxd4 14. Rc1 Qb6 15. O-O Bd6
16. Nh2 Ne7 17. f4 Nac6 18. f5 gxf5 19. Bxh5+ Kd8 20. exf5 Nd5 21. Qf3 Ne3 22.
Rfe1 Nb4 23. Rxe3 dxe3 24. Bxe3 Qb5 25. Ne4 Be7 26. Bf7 Bc6 27. Bc4 Qa5 28. a3
Bxe4 29. Qxe4 Nc6 30. b4 Qxa3 31. Bb6+ Ke8 32. Rb1 Bxb4 33. Qd5 Rf8 34. Nf3 Be7
35. h5 Qd6 36. Qe4 Nd4 37. Nxd4 exd4 38. Qxb7 Rb8 39. Qxa6 Rh8 40. Re1 Kf8 41.
Qa7 Rxb6 42. Qa8+ Rb8 43. Qf3 Qb4 44. Qe2 Rb6 45. Ra1 Qd6 46. Qg4 Qb8 47. Qg6
Rb1+ 48. Rxb1 Qxb1+ 49. Kh2 Bd6+ 50. g3 Bxg3+ 51. Kxg3 Qg1+ 52. Kf3 Qxg6 53.
hxg6 Rh4 54. Kg3 1/2-1/2

[Event "Guernsey Open 2012"]
[Site "?"]
[Date "2012.10.22"]
[Round "2"]
[White "Van Dijk, Bram"]
[Black "Biswas, Karl"]
[Result "1-0"]
[WhiteElo "2083"]
[BlackElo "1858"]
[PlyCount "81"]
[EventDate "2012.10.21"]
[EventType "swiss"]
[SourceDate "2012.10.30"]

1. e4 e6 2. d4 d5 3. e5 c5 4. Nf3 Nc6 5. Bd3 Nge7 6. c3 Nf5 7. O-O cxd4 8. Bxf5
exf5 9. Nxd4 Be6 10. Re1 Be7 11. b4 Qb8 12. Be3 Nxd4 13. Bxd4 Qc7 14. Na3 a6
15. Nc2 O-O 16. f4 Rac8 17. Ne3 Qc6 18. a4 {(=)} b6 19. Qd3 g6 20. Qxa6 Bd8 21.
Qb5 Qxb5 22. axb5 Rb8 23. Ra7 Re8 24. Rea1 Re7 25. Ra8 Reb7 26. Rxb8 Rxb8 27.
Ra7 Kf8 28. Kf1 Ke8 29. Ke2 Be7 30. Kd3 Bd8 31. Nc2 Bd7 32. Na3 Be6 33. Bf2 Be7
34. Nc2 Bd8 35. Nd4 Bd7 36. Nc6 Bxc6 37. bxc6 Rc8 38. b5 Bc7 39. Rxc7 Rxc7 40.
Bxb6 Re7 41. Bc5 1-0

[Event "Guernsey Open 2012"]
[Site "?"]
[Date "2012.10.22"]
[Round "2"]
[White "Roberts, Malcolm A"]
[Black "Lewyk, Ihor"]
[Result "0-1"]
[WhiteElo "1866"]
[BlackElo "2079"]
[PlyCount "42"]
[EventDate "2012.10.21"]
[EventType "swiss"]
[SourceDate "2012.10.30"]

1. e4 d5 2. exd5 Nf6 3. Nf3 Nxd5 4. d4 Bg4 5. Be2 Nc6 6. c3 e6 7. Nbd2 Nf4 8.
O-O Nxe2+ 9. Qxe2 Be7 10. Nb3 Qd5 11. Bf4 O-O-O 12. c4 Qf5 13. Qe3 Bxf3 14.
gxf3 g5 15. Be5 f6 16. Bg3 h5 17. h4 gxh4 18. Bxh4 Qh3 19. Bg3 h4 20. Bxc7
Rdg8+ 21. Bg3 hxg3 0-1

[Event "Guernsey Open 2012"]
[Site "?"]
[Date "2012.10.22"]
[Round "2"]
[White "Finke, Maurice"]
[Black "Westerkamp, Bert"]
[Result "1-0"]
[WhiteElo "1910"]
[BlackElo "2115"]
[PlyCount "69"]
[EventDate "2012.10.21"]
[EventType "swiss"]
[SourceDate "2012.10.30"]

1. d4 Nf6 2. c4 e5 3. dxe5 Ne4 4. Nd2 Bb4 5. a3 Bxd2+ 6. Bxd2 Nc6 7. Bf4 g5 8.
Bg3 h5 9. Qd5 Nxg3 10. hxg3 Qe7 11. Nf3 g4 12. Nd4 Nxe5 13. e3 c6 14. Qe4 Ng6
15. Bd3 d6 16. Nxc6 Qxe4 17. Bxe4 Bd7 18. Na5 Ne5 19. Nxb7 Rb8 20. Nxd6+ Ke7
21. O-O-O Rh6 22. c5 Be6 23. Bd5 Nd7 24. c6 Nb6 25. c7 Rg8 26. Bxe6 fxe6 27.
Kb1 Rf8 28. Rd2 e5 29. Rhd1 Re6 30. a4 a5 31. Nb5 Rc6 32. Rd6 Rxd6 33. Nxd6 Ke6
34. Rd2 Rh8 35. Nb7 1-0

[Event "Guernsey Open 2012"]
[Site "?"]
[Date "2012.10.22"]
[Round "2"]
[White "Casiot, David"]
[Black "Hickman, John"]
[Result "1/2-1/2"]
[WhiteElo "2046"]
[BlackElo "1918"]
[PlyCount "56"]
[EventDate "2012.10.21"]
[EventType "swiss"]
[SourceDate "2012.10.30"]

1. e4 e5 2. Nf3 Nc6 3. Bb5 a6 4. Ba4 Nf6 5. O-O b5 6. Bb3 Be7 7. c3 Nxe4 8. Re1
d5 9. d3 Nc5 10. Nxe5 Nxe5 11. Rxe5 Nxb3 12. axb3 O-O 13. d4 Bd6 14. Re1 Qh4
15. g3 Qh3 16. Qf3 Bf5 17. Qg2 Qg4 18. f3 Qg6 19. Be3 Rfe8 20. Nd2 Re6 21. Nf1
h5 22. b4 Bd3 23. Qd2 Rf6 24. Qg2 Qf5 25. Nd2 Bc2 26. Re2 Bd3 27. Ree1 Bc2 28.
Re2 Bd3 1/2-1/2